000 00281nam a22001337a 4500
008 170307b xxu||||| |||| 00| 0 eng d
020 _a0721691277
041 _aeng
080 _235TH
_a611
100 _a6
101 _aSHM
245 _aGRAY'S ANATOMY
_cWARWICK
942 _2udc
_cBK
999 _c6959
_d6959